000 01223nam a22004097a 4500
001 0008379
003 KOHA_MİRAKIL
005 20260207001632.0
007 ta
008 091009b1992 tu |||gr||||#||||0|tur |
020 _a9751604370
_cTL3
040 _aTR-BiSEU
_btur
_cTR-BiSEU
_erda
041 0 _atur
044 _ctu
050 _aDG260
_b.P48 1992
100 1 _aPlutarch, Mestrius.
245 1 _aMarcus Antonius/
_cMestrius Plutarch ; Mestrius Plutarkhos; çeviren Mehmet Özaktürk.
264 1 _aAnkara :
_bAtatürk Kültür , Dil ve Tarih Yüksek Kurumu
_c1992
300 _a111 sayfa
336 _ametin
_btxt
_2rdacontent
337 _aaracısız
_bn
_2rdamedia
338 _acilt
_bnc
_2rdacarrier
490 1 _aTürk Tarih Kurumu yayınları.
490 1 _aVII.
490 1 _adizi ;
_vsa.
490 1 _a115.
500 _aTranslation of: Antonius.
500 _aDizin var.
650 0 _aAntonius, Marcus, 83?-30 B.C.
_920837
650 0 _aStatesmen--Rome--Biography.
_920838
650 0 _aGenerals--Rome--Biography.
_920839
830 1 _aTürk Tarih Kurumu yayınları.
_96704
830 1 _aVII.
_920305
830 1 _adizi ;
_vsa.
_910357
830 1 _a115.
_99332
942 _2lcc
_cBK
999 _c8351
_d8351